Forbes Highest Paid Athletes 2015 - Statistics

General Stats
  • This quiz has been taken 214 times
  • The average score is 11 of 20
Answer Stats
Salary Sport Name % Correct
$67M Tennis Roger Federer
94%
$64.8M Basketball LeBron James
93%
$73.8M Soccer Lionel Messi
91%
$79.6M Soccer Cristiano Ronaldo
90%
$50.6M Golf Tiger Woods
90%
$300M Boxing Floyd Mayweather
86%
$49.5M Basketball Kobe Bryant
71%
$48.2M Tennis Novak Djokovic
66%
$54.1M Basketball Kevin Durant
64%
$160M Boxing Manny Pacquiao
63%
$39M Racing Lewis Hamilton
53%
$50.8M Golf Phil Mickleson
48%
$48.3M Golf Rory McIlroy
46%
$39.1M Soccer Zlatan Ibrahimovic
34%
$35M Soccer Gareth Bale
26%
$35.5M Racing Fernando Alonso
23%
$33.9M Basketball Derrick Rose
19%
$48.9M Football Ben Roethlisberger
10%
$38.6M Football Ndamukung Suh
5%
$34.1M Baseball Jon Lester
2%
No matching quizzes found
Score Distribution
Percent of People with Each Score
Percentile by Number Answered
Your Score History
You have not taken this quiz